02117cam a2200349 i 450000100090000000300050000900500170001400800410003101000170007202000250008902000220011402000260013602000340016203500200019604000280021604200080024405000230025206000110027508200150028610000280030124502440032924600250057325000170059826000330061530000600064850000740070850000510078250507120083365000340154565000300157977601580160918123307SISC20161115104541.0140418s2015 stka b 001 0 eng  a 2014015649 a9780702055560 (pbk.) a0702055565 (pbk.) z9780702055553 (eBook) z9780702061783 (Inkling eBook) a(DNLM)101630831 aDNLM/DLCerdacDLCdDLC apcc00aRC 454b.Oy97 201510aWM 14000a616.89/0751 aOyebode, Femi,eauthor.10aSims' symptoms in the mind :btextbook of descriptive psychopathology /cFemi Oyebode, MBBS, MD, PHD, FRCPSYCH, Professor of Psychiatry & Consultant Psychiatrist, University of Birmingham, National Centre for Mental Health, Birmingham, UK.1 aSymptoms in the mind a5th edition. aNew York :bElsevier,c2015. aviii, 388 pages :billustrations (some color) ;c23 cm. aPreceded by: Sims' symptoms in the mind / Femi Oyebode. 4th ed. 2008. aIncludes bibliographical references and index.0 aFundamental concepts of descriptive psychopathology -- Eliciting the symptoms of mental illness -- Consciousness and disturbed consciousness -- Attention, concentration, orientation, and sleep -- Disturbance of memory -- Disorder of time -- Pathology of perception -- Delusions and other erroneous ideas -- Disorder of the thinking process -- Disorder of speech and language -- Insight -- The disordered self -- Depersonalization -- Disorder of the awareness of the body -- The psychopathology of pain -- Affect and emotional disorders -- Anxiety, panic, irritability, phobia, and obsession -- Disorders of volition and execution -- The expression of disordered personality -- Psychopathology and diagnosis.12aMental Disordersxpsychology.22aPsychopathologyxmethods.08iOnline version:aOyebode, Femi, author.tSims' symptoms in the mindbFifth edition.dEdinburgh : Saunders/Elsevier, 2015z9780702055553w(DLC) 2014016636